000
00312nam a22001337a 4500
008
170526b xxu||||| |||| 00| 0 eng d
020
_a
9780131913455
041
_a
eng
080
_2
6 ed
_a
621(075.8)
100
_a
25
101
_a
im
245
_a
MECHANICS OF MATERIALS
_c
HIBBELER.R.C
942
_2
udc
_c
BK
999
_c
14467
_d
14467